• 首页
  • 本馆介绍
  • 公告通知
  • 最新文献
  • 馆藏检索
  • 电子资源
  • 读者导购
  • 参考咨询
  • 我的图书馆
  • 登录
  • 详细信息显示
  • 放入我的书架
  • 预约/预借图书
  • 作者相关作品
  • 分类相关作品
  • 丛书相关作品
  • 出版社相关作品

书目信息

  • 表格格式
  • 工作单格式
  • 卡片格式
题名:
哎呀,我好热
    
 
作者: ;铁皮人科技 编绘
分册:  
出版信息: 成都   四川少年儿童出版社  2016
页数: 37页
开本: 22cm
丛书名:
单 册:
中图分类: X16-49
科图分类:
主题词: 温室效应--儿童读物
电子资源:
ISBN: 978-7-5365-7595-0
000 00781nam0 2200253 450
001 5631
005 20180528213603.54
010    @a978-7-5365-7595-0@dCNY14.80
100    @a20161213d2016 cemy0chiy50 ea
101 0  @achi
102    @aCN@b510000
105    @aa z 000yy
200 1  @a哎呀,我好热@9ai ya , wo hao re@e地球怎么越来越热@f铁皮人科技编绘
210    @a成都@c四川少年儿童出版社@d2016
215    @a37页@c彩图@d22cm
300    @a精灵鼠科学童话绘本
312    @a封面英文题名:Oh, I feel so hot
510 1  @aOh, I feel so hot@zeng
517 1  @a地球怎么越来越热@9di qiu zen me yue lai yue re
606 0  @a温室效应@j儿童读物
690    @aX16-49@v5
711 02 @a铁皮人科技@9tie pi ren ke ji@4编绘
801  0 @aCN@b91MARC@c20161213
905    @aMuseLib@dX16-49@e235
    
    哎呀,我好热:地球怎么越来越热/铁皮人科技编绘.-成都:四川少年儿童出版社,2016
    37页:彩图;22cm
    精灵鼠科学童话绘本
    
    ISBN 978-7-5365-7595-0:CNY14.80
    
●
相关链接 在E读中查询图书 在五车中查询图书 在当当中查询图书 在豆瓣中查询图书


正题名:哎呀,我好热     索取号:X16-49/235         预约/预借

序号 登录号 条形码 馆藏地/架位号 状态 备注
1 1114054   211140549   第二样本阅览室/ [索取号:X16-49/235] 在馆    
2 1114055   211140558   教育系资料室/ [索取号:X16-49/235] 在馆    
3 1114056   211140567   教育系资料室/ [索取号:X16-49/235] 在馆    
4 1114057   211140576   第三借阅区/ [索取号:X16-49/235] 在馆    
唐山师范学院图书馆 欢迎您!
大连网信软件有限公司© 版权所有